Statistics for Codeword Puzzle #8 - Map Quiz

Click here to take the quiz!

General Stats

  • This quiz has been taken 660 times
  • The average score is 12 of 26

Answers on the Map

Answers color-coded by a green-red scale on the quiz's map according to % correct below.
 

Answer Stats

Answer% Correct
A
86%
S
80%
G
79%
E
55%
I
47%
N
47%
L
46%
Z
43%
H
42%
U
42%
W
42%
Y
42%
B
41%
K
41%
Q
41%
T
41%
F
40%
J
40%
O
40%
R
40%
D
38%
V
38%
X
38%
C
37%
M
37%
P
37%

Score Distribution

Percentile by Number Answered

Percent of People with Each Score

Your Score History

You have not taken this quiz